| 000 | 00454nam a2200157 a 4500 | ||
|---|---|---|---|
| 001 | 000026628 | ||
| 005 | 20200930030325.0 | ||
| 008 | 110324s1981 dr a 000 0 spa d | ||
| 040 |
_aDO-SdBNP _bspa _cBNPHU |
||
| 082 |
_axxxx _bH565a |
||
| 100 | 1 |
_aHerrera, Joaquín _953733 |
|
| 245 | 1 | 0 |
_aAmor sin fronteras / _cJoaquín Herrera. |
| 260 |
_aSanto Domingo : _bMisioneros del Sagrado Corazón, _c1981. |
||
| 300 |
_a76 p. : _bil. ; _c20 cm. |
||
| 049 | _aBNPD | ||
| 999 |
_c26120 _d26120 |
||